Inventy Impact: Advanced Nursing Vol: 23 Issue: 1-4, 2023 (Record no. 357860)
[ view plain ]
| 000 -LEADER | |
|---|---|
| fixed length control field | 00544nam a22001817a 4500 |
| 005 - DATE AND TIME OF LATEST TRANSACTION | |
| control field | 20240503145304.0 |
| 008 - FIXED-LENGTH DATA ELEMENTS--GENERAL INFORMATION | |
| fixed length control field | 240503b |||||||| |||| 00| 0 eng d |
| 041 ## - LANGUAGE CODE | |
| Language code of text/sound track or separate title | eng |
| 082 ## - DEWEY DECIMAL CLASSIFICATION NUMBER | |
| Edition number | 1st |
| Classification number | 610 GUP BV0836 |
| Item number | GUP |
| 100 ## - MAIN ENTRY--PERSONAL NAME | |
| Author | Gupta V B Ed. |
| 245 ## - TITLE STATEMENT | |
| Title | Inventy Impact: Advanced Nursing Vol: 23 Issue: 1-4, 2023 |
| 250 ## - EDITION STATEMENT | |
| Edition statement | 1st |
| 260 ## - PUBLICATION, DISTRIBUTION, ETC. | |
| Place of publication, distribution, etc. | Bhopal |
| Name of publisher, distributor, etc. | Inventi Journals |
| Date of publication, distribution, etc. | 2023 |
| 300 ## - PHYSICAL DESCRIPTION | |
| Extent | 288p |
| Other physical details | Hb |
| Dimensions | 30X21cm |
| 365 ## - TRADE PRICE | |
| Price type code | Rupaye |
| Price amount | 3360.00 |
| Currency code | INR |
| 521 ## - TARGET AUDIENCE NOTE | |
| Target audience note | Inventi Impact<br/>Advanced Nursing<br/>Vol: 23 Issue: 1-4, 2023 |
| 942 ## - ADDED ENTRY ELEMENTS (KOHA) | |
| Koha item type | Bound Volume |
| Withdrawn status | Lost status | Source of classification or shelving scheme | Damaged status | Not for loan | Home library | Current library | Date acquired | Vendor | Net Price | Bill number | Full call number | Barcode | Date last seen | Discount | Actual Price | Bill Date | Koha item type | Original Barcode |
|---|---|---|---|---|---|---|---|---|---|---|---|---|---|---|---|---|---|---|
| Dewey Decimal Classification | Reference | Smt. Bakul Tambat Institute of Nursing Education | Smt. Bakul Tambat Institute of Nursing Education | 03/05/2024 | 00 | 3360.00 | 00 | 610 GUP BV0836 | BTIN-BV-836 | 03/05/2024 | 00 | 3360.00 | 03/05/2024 | Bound Volume | BTIN-BV-836 |